Vista normal
Vista MARC
Entrada Personal Name
Número de registros utilizados en: 1
001 - CONTROL NUMBER
- control field: 4240
003 - CONTROL NUMBER IDENTIFIER
- control field: DLC
005 - DATE AND TIME OF LATEST TRANSACTION
- control field: 20210217090514.0
008 - FIXED-LENGTH DATA ELEMENTS
- fixed length control field: 160531n| azannaabn |a aaa c
010 ## - LIBRARY OF CONGRESS CONTROL NUMBER
- LC control number: ns2016002057
035 ## - SYSTEM CONTROL NUMBER
- System control number: (CaEvSKY)skya11094422
040 ## - CATALOGING SOURCE
- Original cataloging agency: MX-SlUA
- Language of cataloging: spa
- Description conventions: rda
- Transcribing agency: Mx-PuUPA
- Modifying agency: Mx-PuUPA
100 1# - HEADING--PERSONAL NAME
- Personal name: Estrella Suarez, María Verónica,
372 ## - FIELD OF ACTIVITY
- Field of activity: Desarrollo Sustentable
374 ## - OCCUPATION
- Occupation: Autora
375 ## - GENDER
- Gender: mujer
377 ## - ASSOCIATED LANGUAGE
- Language code: spa
400 1# - SEE FROM TRACING--PERSONAL NAME
- Personal name: Suarez, María Verónica Estrella
400 1# - SEE FROM TRACING--PERSONAL NAME
- Personal name: Estrella Suarez, Ma. Verónica
- Fuller form of name: (María Verónica )
400 1# - SEE FROM TRACING--PERSONAL NAME
- Personal name: Suarez, Ma. Verónica Estrella
- Fuller form of name: (María Verónica Estrella)
670 ## - SOURCE DATA FOUND
- Source citation: Desarrollo sustentable un nuevo mañana, 2013:
- Information found: title page (María Verónica Estrella Suárez) cover (Ma. Verónica Estrella Suárez)